| 000 | 01793nam a2200217 4500 | ||
|---|---|---|---|
| 005 | 20250508144327.0 | ||
| 008 | 250508b |||||||| |||| 00| 0 eng d | ||
| 020 | _a9781647266684 | ||
| 037 | _cTextual | ||
| 040 |
_aRTL _cRTL |
||
| 084 |
_aX9:8(G:55) R3 _qRTL |
||
| 245 | _aSustainable business models: innovation, implementation and success | ||
| 260 |
_aNew York _bClanrye International _c2023 |
||
| 300 |
_avii, 239 p. ill. _bIncludes bibliographical references and index |
||
| 520 | _aSustainability in business is referred to as conducting business without having an adverse effect on the environment, the local community, or society at large. Sustainable businesses take into account a variety of social, environmental and economic aspects, when making business decisions. A sustainable business model is one that creates benefits for all the stakeholders without depleting the resources used to produce it. The capacity of a sustainable business model to operate as a market device that aids in the creation and expansion of markets through innovations with a social purpose is significant, as it enables social entrepreneurs to maximize social profit while providing social value. Furthermore, it generates competitive advantage by providing value to the consumers and thereby contributes towards the success of company. This book contains some path-breaking studies on sustainable business models. It aims to equip students and experts with the advanced topics and upcoming concepts in this area of study. | ||
| 650 |
_aIndustrial management- Environmental aspects _9755500 |
||
| 650 |
_aBusiness enterprises- Environmental aspects _9755501 |
||
| 650 |
_aSocial responsibility of business _935928 |
||
| 700 | _eMason, Jamie | ||
| 942 |
_2CC _n0 _cTB _hX9:8(G:55) R3 |
||
| 999 |
_c1320415 _d1320415 |
||